Inculturating the church in Africa : (Record no. 45826)

MARC details
000 -LEADER
fixed length control field 01315nam a22002057a 4500
008 - FIXED-LENGTH DATA ELEMENTS--GENERAL INFORMATION
fixed length control field 160215b xxu||||| |||| 00| 0 eng d
020 ## - INTERNATIONAL STANDARD BOOK NUMBER
International Standard Book Number 9966216006
020 ## - INTERNATIONAL STANDARD BOOK NUMBER
International Standard Book Number 9789966216007
050 ## - LIBRARY OF CONGRESS CALL NUMBER
Classification number BR115.C8
Item number I53 2001
245 ## - TITLE STATEMENT
Title Inculturating the church in Africa :
Remainder of title theological and practical perspectives
Statement of responsibility, etc Patrick Ryan ... [et al.] ; edited by Cecil McGarry and Patrick Ryan with the dogmatic constitution Lumen Gentium.
260 ## - PUBLICATION, DISTRIBUTION, ETC. (IMPRINT)
Place of publication, distribution, etc Nairobi, Kenya :
Name of publisher, distributor, etc Paulines Publications Africa,
Date of publication, distribution, etc 2001.
300 ## - PHYSICAL DESCRIPTION
Extent 271 p. ;
Dimensions 21 cm.
520 ## - SUMMARY, ETC.
Summary, etc pt. 1. Lumen gentium : dogmatic constitution on the Church --<br/>p. 2. Inculturating the Church in Africa: Rethinking African ecclesiology / Peter Kanyandogo. The family : an African metaphor for Trinity and Church / Nicholas Fogliacco. The presence of the Triune God in the Church / David Kyeyune. Pauline churches as God's family / Christian Mhagama. A community of disciples to witness to the Kingdom / Cecil McGarry --Spiritual formation of God's family / Marie Therese Gacambi. The Church as family and the quest for justice and peace in Africa / by Peter Lwa
650 ## - SUBJECT ADDED ENTRY--TOPICAL TERM
Topical term or geographic name as entry element Catholic Church
Geographic subdivision Africa.
650 ## - SUBJECT ADDED ENTRY--TOPICAL TERM
Topical term or geographic name as entry element Christianity and culture
Geographic subdivision Africa.
650 ## - SUBJECT ADDED ENTRY--TOPICAL TERM
Topical term or geographic name as entry element Catholic Church.
700 ## - ADDED ENTRY--PERSONAL NAME
Personal name Ryan, Patrick
700 ## - ADDED ENTRY--PERSONAL NAME
Personal name McGarry, Cecil
942 ## - ADDED ENTRY ELEMENTS (KOHA)
Source of classification or shelving scheme Library of Congress Classification
Item type Book
Holdings
Withdrawn status Lost status Source of classification or shelving scheme Damaged status Not for loan Collection code Home library Current library Shelving location Date acquired Source of acquisition Cost, normal purchase price Total Checkouts Full call number Barcode Date last seen Date last borrowed Copy number Price effective from Koha item type
    Library of Congress Classification     Non-fiction Bishop Okullu Memorial Library (Limuru Campus) Bishop Okullu Memorial Library (Limuru Campus) General Circulation 15/02/2016 Donation 600.00 6 BR115.C8 I53 2001 045676 28/08/2023 01/08/2023 1 15/02/2016 Book